City to Nation- Asia - Statistics

General Stats
  • This quiz has been taken 22 times
  • The average score is 37 of 46
Answer Stats
Hint Answer % Correct
Mecca Saudi Arabia
100%
Taipei Taiwan
100%
Dubai United Arab Emirates
100%
Fukuoka Japan
95%
Busan South Korea
95%
Baku Azerbaijan
90%
Tel Aviv Israel
90%
Ulaanbaatar Mongolia
90%
Kathmandu Nepal
90%
Muscat Oman
90%
Da Nang Vietnam
90%
Yerevan Armenia
86%
Dhaka Bangladesh
86%
Tbilisi Georgia
86%
Chennai India
86%
Petra Jordan
86%
Vientiane Laos
86%
Male Maldives
86%
Davao City Philippines
86%
Doha Qatar
86%
Dili Timor-Leste
86%
Sana’a Yemen
86%
Bandar Seri Begawan Brunei
81%
Almaty Kazakhstan
81%
Colombo Sri Lanka
81%
Aleppo Syria
81%
Chiang Mai Thailand
81%
Izmir Turkey
81%
Ashgabat Turkmenistan
81%
Manama Bahrain
76%
Thimphu Bhutan
76%
Ürümqi China
76%
Mosul Iraq
76%
Bishkek Kyrgyzstan
71%
Yakutsk Russia
71%
Dushanbe Tajikistan
71%
Siem Reap Cambodia
67%
Tabriz Iran
67%
Mandalay Myanmar
67%
Kandahar Afghanistan
62%
Tyre Lebanon
62%
Peshawar Pakistan
62%
Samarkand Uzbekistan
57%
George Town Malaysia
52%
Pontianak Indonesia
48%
Hamhung North Korea
48%
No matching quizzes found
Score Distribution
Percent of People with Each Score
Percentile by Number Answered
Your Score History
You have not taken this quiz